NBA 2025-2026 Trades - Statistics

General Stats
  • This quiz has been taken 334 times
    120 since last reset
  • The average score is 10 of 14
Answers on the Grid
Answers color-coded by a green-red scale on the quiz's grid according to % correct below.
Anthony Davis
Trae Young
Luka Doncic
Jaren Jackson Jr
James Harden
Giannis Antetokounmpo
Kristaps Porzingis
Jayson Tatum
Klay Thompson
Nikola Vucevic
Anfernee Simons
Anthony Edwards
Cole Anthony
Jalen Brunson
Jose Alvarado
Karl-Anthony Towns
Dalen Terry
Lonzo Ball
LaMelo Ball
Eric Gordon
Donovan Mitchell
Cooper Flagg
Jared McCain
Tyus Jones
Miles McBride
A.J. Lawson
Matisse Thybulle
Josh Green
 
Answer Stats
Answer % Correct
Anthony Davis
100%
Trae Young
94%
James Harden
84%
Jaren Jackson Jr
81%
Nikola Vucevic
81%
Kristaps Porzingis
78%
Jared McCain
76%
Anfernee Simons
73%
Jose Alvarado
70%
Lonzo Ball
57%
Cole Anthony
54%
Tyus Jones
48%
Dalen Terry
42%
Eric Gordon
23%
No matching quizzes found
Score Distribution
Percent of People with Each Score
Percentile by Number Answered
Your Score History
You have not taken this quiz since the last reset